| 000 | 00533nam a2200169 a 4500 | ||
|---|---|---|---|
| 005 | 20221118063436.0 | ||
| 008 | 991125s1942 mx 000 0 spa u | ||
| 035 | _aUPN01000001846 | ||
| 049 | _aLT | ||
| 050 | 4 |
_aLB1573 M6.3 _bM6.3 1942 |
|
| 100 | 1 |
_aMorales, Francisco César, _d1886-1947 _929351 |
|
| 245 | 1 | 0 |
_aAlma Latina : _blibro tercero de lectura / _cpor Francisco César Morales. |
| 260 |
_aMéxico : _bAguilas, _c1942. |
||
| 300 |
_a302 p. : _bil. |
||
| 650 | 4 |
_aLectura _xEstudio y enseñanza (Elemental) _92805 |
|
| 905 | _aLibro | ||
| 999 |
_c1846 _d1846 |
||